SEC Teams by their Team Name - Statistics

General Stats
  • This quiz has been taken 35 times
  • The average score is 15 of 16
Answer Stats
Hint Answer % Correct
Crimson Tide Alabama
100%
Gators Florida
100%
Volunteers Tennessee
100%
Longhorns Texas
100%
Tigers (A) Auburn
96%
Bulldogs (G) Georgia
96%
Tigers (L) LSU
96%
Sooners Oklahoma
96%
Gamecocks South Carolina
96%
Aggies Texas A&M
96%
Razorbacks Arkansas
93%
Wildcats Kentucky
89%
Rebels Ole Miss
89%
Commodores Vanderbilt
86%
Tigers (M) Missouri
82%
Bulldogs (M) Mississippi State
79%
No matching quizzes found
Score Distribution
Percent of People with Each Score
Percentile by Number Answered
Your Score History
You have not taken this quiz